Handbook of environmental health / (Record no. 328735)

000 -LEADER
fixed length control field 01526cam a22003374a 4500
001 - CONTROL NUMBER
control field 12647315
003 - CONTROL NUMBER IDENTIFIER
control field Nust
005 - DATE AND TIME OF LATEST TRANSACTION
control field 20170414132433.0
008 - FIXED-LENGTH DATA ELEMENTS--GENERAL INFORMATION
fixed length control field 020116s2003 flua bf 001 0 eng
010 ## - LIBRARY OF CONGRESS CONTROL NUMBER
LC control number 2002016110
020 ## - INTERNATIONAL STANDARD BOOK NUMBER
International Standard Book Number 1566705363 (v. 1 : alk. paper)
020 ## - INTERNATIONAL STANDARD BOOK NUMBER
International Standard Book Number 1566705479 (v. 2 : alk. paper)
040 ## - CATALOGING SOURCE
Original cataloging agency DLC
Transcribing agency DLC
Modifying agency DLC
042 ## - AUTHENTICATION CODE
Authentication code pcc
050 00 - LIBRARY OF CONGRESS CALL NUMBER
Classification number RA565
Item number .K67 2003
082 00 - DEWEY DECIMAL CLASSIFICATION NUMBER
Classification number 363.7 KOR
Edition number 21
100 1# - MAIN ENTRY--PERSONAL NAME
Personal name Koren, Herman.
245 10 - TITLE STATEMENT
Title Handbook of environmental health /
Statement of responsibility, etc. Herman Koren, Michael Bisesi.
246 30 - VARYING FORM OF TITLE
Title proper/short title Environmental health
250 ## - EDITION STATEMENT
Edition statement 4th ed.
260 ## - PUBLICATION, DISTRIBUTION, ETC.
Place of publication, distribution, etc. Boca Raton, Fla. :
Name of publisher, distributor, etc. Lewis Pub. ;
Date of publication, distribution, etc. c2003.
300 ## - PHYSICAL DESCRIPTION
Extent 2 v. :
Other physical details ill. ;
Dimensions 24 cm.
500 ## - GENERAL NOTE
General note "Co-published with the National Environmental Health Association."
501 ## - WITH NOTE
With note H.B
504 ## - BIBLIOGRAPHY, ETC. NOTE
Bibliography, etc. note Includes bibliographical references and index.
505 0# - FORMATTED CONTENTS NOTE
Formatted contents note v. 1. Biological, chemical, and physical agents of environmentally related disease -- v. 2. Pollutant interactions in air, water, and soil.
650 #0 - SUBJECT ADDED ENTRY--TOPICAL TERM
Topical term or geographic name entry element Environmental health
Form subdivision Handbooks, manuals, etc.
650 #0 - SUBJECT ADDED ENTRY--TOPICAL TERM
Topical term or geographic name entry element Environmental engineering
Form subdivision Handbooks, manuals, etc.
700 1# - ADDED ENTRY--PERSONAL NAME
Personal name Bisesi, Michael S.
856 42 - ELECTRONIC LOCATION AND ACCESS
Materials specified Publisher description
Uniform Resource Identifier <a href="http://www.loc.gov/catdir/enhancements/fy0646/2002016110-d.html">http://www.loc.gov/catdir/enhancements/fy0646/2002016110-d.html</a>
906 ## - LOCAL DATA ELEMENT F, LDF (RLIN)
a 7
b cbc
c orignew
d 1
e ocip
f 20
g y-gencatlg
942 ## - ADDED ENTRY ELEMENTS (KOHA)
Source of classification or shelving scheme
Koha item type Book
Call number prefix 363.7 KOR
Holdings
Withdrawn status Lost status Source of classification or shelving scheme Damaged status Not for loan Collection code Permanent Location Current Location Shelving location Date acquired Full call number Barcode Date last seen Price effective from Koha item type
            Central Library (CL) Central Library (CL) General Stacks 04/14/2017 363.7 KOR IESE-1160 04/14/2017 04/14/2017 Reference
© 2023 Central Library, National University of Sciences and Technology. All Rights Reserved.